Т. 12; Борьба с силикозом

Λεπτομέρειες βιβλιογραφικής εγγραφής
Parent link:Борьба с силикозом: сборник/ Академия наук СССР (АН СССР), Институт горного дела им. А. А. Скочинского (ИГД). Т. 12.— , 1953-1986
Άλλοι συγγραφείς: Поздняков Г. А. (редактор), Воронцова Е. И.
Γλώσσα:Ρωσικά
Έκδοση: 1986
Θέματα:
Μορφή: Βιβλίο
KOHA link:https://koha.lib.tpu.ru/cgi-bin/koha/opac-detail.pl?biblionumber=279877

MARC

LEADER 00000nam2a2200000 4500
001 279877
005 20231101235242.0
035 |a (RuTPU)RU\TPU\book\303182 
090 |a 279877 
100 |a 20141224d1986 k y0rusy5003 ca 
101 0 |a rus 
102 |a RU 
105 |a a z 000zy 
200 0 |a Т. 12  |f отв. ред. Г. А. Поздняков , Е. И. Воронцова 
210 |d 1986 
215 |a 223 с.  |c ил.  |d 27 см. 
461 1 |0 (RuTPU)RU\TPU\book\293361  |t Борьба с силикозом  |o сборник  |f Академия наук СССР (АН СССР), Институт горного дела им. А. А. Скочинского (ИГД)  |v Т. 12  |d 1953-1986 
606 1 |a Силикоз  |x Горное дело  |x Профилактика и борьба  |2 stltpush  |3 (RuTPU)RU\TPU\subj\54789  |9 72873 
610 1 |a пневмокониоз 
610 1 |a профилактика 
610 1 |a горнодобывающие предприятия 
610 1 |a шахты 
610 1 |a пылевые исследования 
610 1 |a воздух 
610 1 |a обеспыливание 
610 1 |a клиника 
610 1 |a патогенез 
610 1 |a профессиональные заболевания 
675 |a 622.87  |z rus  |v 4 
702 1 |a Поздняков  |b Г. А.  |4 340 
702 1 |a Воронцова  |b Е. И.  |4 340 
801 0 |a RU  |b RuMRKP  |c 19950704  |g psbo 
801 1 |a RU  |b 63413507  |c 20141224 
801 2 |a RU  |b 63413507  |c 20180205  |g RCR 
942 |c BK